<?xml version="1.0" encoding="UTF-8"?>
<record
    xmlns:xsi="http://www.w3.org/2001/XMLSchema-instance"
    xsi:schemaLocation="http://www.loc.gov/MARC21/slim http://www.loc.gov/standards/marcxml/schema/MARC21slim.xsd"
    xmlns="http://www.loc.gov/MARC21/slim">

  <leader>02574nam a22003257a 4500</leader>
  <controlfield tag="003">OSt</controlfield>
  <controlfield tag="005">20220811205825.0</controlfield>
  <controlfield tag="008">220811b           ||||| |||| 00| 0 eng d</controlfield>
  <datafield tag="040" ind1=" " ind2=" ">
    <subfield code="a">CvSU-CCAT Campus Library.</subfield>
    <subfield code="b">English.</subfield>
    <subfield code="c">CvSU-CCAT Campus Library.</subfield>
    <subfield code="e">rda.</subfield>
  </datafield>
  <datafield tag="050" ind1=" " ind2=" ">
    <subfield code="a">UM TJ 1280</subfield>
    <subfield code="b">A46 2018</subfield>
  </datafield>
  <datafield tag="100" ind1=" " ind2=" ">
    <subfield code="a">Alminar, Princess O.</subfield>
    <subfield code="9">6224</subfield>
  </datafield>
  <datafield tag="245" ind1=" " ind2=" ">
    <subfield code="a">Development of Vertical Honing Machine with Cooling System / </subfield>
    <subfield code="c">Princess O. Alminar, Nielyn A. Arellano, and Juluis T. Dela Cruz.</subfield>
  </datafield>
  <datafield tag="260" ind1=" " ind2=" ">
    <subfield code="a">Rosario, Cavite :</subfield>
    <subfield code="b">Cavite State University--CCAT Campus,</subfield>
    <subfield code="c">2018.</subfield>
  </datafield>
  <datafield tag="300" ind1=" " ind2=" ">
    <subfield code="a">xiii, 57 leaves :</subfield>
    <subfield code="b">Illustration : </subfield>
    <subfield code="c">28 cm</subfield>
  </datafield>
  <datafield tag="500" ind1=" " ind2=" ">
    <subfield code="a">Design Project (BSIT) Major in Stationary Marine Technology--Cavite State University-CCAT Campus, 2018</subfield>
  </datafield>
  <datafield tag="504" ind1=" " ind2=" ">
    <subfield code="a">Includes bibliographical references and appendices.</subfield>
  </datafield>
  <datafield tag="520" ind1=" " ind2=" ">
    <subfield code="a">ALMINAR, PRINCESS O.,ARELLANO,NIELYN A. and DELA CRUZ,JULIUS T. Development of Vertical Honing Machine with Cooling System. Undergraduate Thesis. Department of Industrial Technology. Cavite State University-Cavite College of Arts and Trades Campus, Rosario, Cavite. July 2018.Adviser:Mr.Josefino Ambayec. Technical critic: Mr. Danilo G. Santiago.

The study was conducted from March 2017 to May 2018 at Cavite State University CCAT-Campus in SMT Building to develop and evaluate a vertical honing machine with cooling system. Specifically the study aims to: (1) design a vertical; (2) construct a vertical honing machine with cooling system; (3) evaluate and to test the vertical honing machine with cooling system. In terms of: (3.1) comparing speed of honing the bore of motor cycle cylinder using with or without cooling system based on the standard clearance of the manufacturer; and(3.2) determining the accuracy of honing by means of measuring the bore of motor cycle cylinder based on the manufacturer standard clearance. 

Mechanics, professors, students and other allied courses were the beneficiaries of the developed prototype. 

The collected data were tabulated, getting the mean of different trials used in the development of the project.
</subfield>
  </datafield>
  <datafield tag="546" ind1=" " ind2=" ">
    <subfield code="a">In English text.</subfield>
  </datafield>
  <datafield tag="650" ind1=" " ind2=" ">
    <subfield code="a">Honing Machine</subfield>
    <subfield code="9">6225</subfield>
  </datafield>
  <datafield tag="650" ind1=" " ind2=" ">
    <subfield code="a">Cooling Machine</subfield>
    <subfield code="9">6226</subfield>
  </datafield>
  <datafield tag="650" ind1=" " ind2=" ">
    <subfield code="a">Vertical</subfield>
    <subfield code="9">6227</subfield>
  </datafield>
  <datafield tag="650" ind1=" " ind2=" ">
    <subfield code="a">Accuracy</subfield>
    <subfield code="9">6228</subfield>
  </datafield>
  <datafield tag="650" ind1=" " ind2=" ">
    <subfield code="a">Speed</subfield>
    <subfield code="9">5920</subfield>
  </datafield>
  <datafield tag="700" ind1=" " ind2=" ">
    <subfield code="a">Arellano, Nielyn A., Author.</subfield>
    <subfield code="9">6229</subfield>
  </datafield>
  <datafield tag="700" ind1=" " ind2=" ">
    <subfield code="a">Dela Cruz, Julius T., Author.</subfield>
    <subfield code="9">6230</subfield>
  </datafield>
  <datafield tag="700" ind1=" " ind2=" ">
    <subfield code="a">Ambayec Josefino E., Adviser.</subfield>
    <subfield code="9">5867</subfield>
  </datafield>
  <datafield tag="700" ind1=" " ind2=" ">
    <subfield code="a">Santiago, Danilo G., Technical critic.</subfield>
    <subfield code="9">6045</subfield>
  </datafield>
  <datafield tag="942" ind1=" " ind2=" ">
    <subfield code="c">T/M/D</subfield>
    <subfield code="h">TJ 1280 A46 2018</subfield>
    <subfield code="k">UM</subfield>
    <subfield code="2">lcc</subfield>
  </datafield>
  <datafield tag="999" ind1=" " ind2=" ">
    <subfield code="c">1861</subfield>
    <subfield code="d">1861</subfield>
  </datafield>
  <datafield tag="952" ind1=" " ind2=" ">
    <subfield code="0">0</subfield>
    <subfield code="1">0</subfield>
    <subfield code="2">lcc</subfield>
    <subfield code="4">0</subfield>
    <subfield code="7">0</subfield>
    <subfield code="8">UM</subfield>
    <subfield code="a">CCATLIB</subfield>
    <subfield code="b">CCATLIB</subfield>
    <subfield code="c">TH</subfield>
    <subfield code="d">2022-08-11</subfield>
    <subfield code="f">UM</subfield>
    <subfield code="l">0</subfield>
    <subfield code="o">UM TJ 1280 A46 2018</subfield>
    <subfield code="p">T0005141</subfield>
    <subfield code="r">2025-10-24 00:00:00</subfield>
    <subfield code="t">1 copy</subfield>
    <subfield code="w">2022-08-11</subfield>
    <subfield code="y">T/M/D</subfield>
  </datafield>
</record>
